000 00919cam a22002773a 4500
001 42081
003 PGUSA
005 20140828083941.0
008 130212s2013||||xxu|||||s|||||000 | eng d
040 _aPGUSA
_beng
042 _adc
050 4 _aDA
100 1 _aEvelyn, John,
_d1620-1706
245 1 4 _aThe Diary of John Evelyn, Volume II (of 2)
_h[electronic resource] /
_cJohn Evelyn
260 _bProject Gutenberg,
_c2013
506 _aPublic domain in the USA.
516 _aElectronic text
653 _aGreat Britain -- History -- Stuarts, 1603-1714
653 _aGreat Britain -- Social life and customs -- Early works to 1800
653 _aEvelyn, John, 1620-1706 -- Diaries
653 _aGreat Britain -- Court and courtiers -- Early works to 1800
700 1 _aBray, William,
_d1736-1832
830 0 _aProject Gutenberg
_v42081
856 4 0 _uhttp://www.gutenberg.org/ebooks/42081
942 _cEB
999 _c271333
_d271333